书目信息 |
| 题名: |
人体解剖生理学
|
|
| 作者: | 朱大年 , 郑黎明 主编 | |
| 分册: | ||
| 出版信息: | 上海 复旦大学出版社 2002 |
|
| 页数: | 10,505页 | |
| 开本: | 26cm | |
| 丛书名: | ||
| 单 册: | ||
| 中图分类: | R324 | |
| 科图分类: | ||
| 主题词: | 人体解剖学--人体生理学--高等教育--教材 , 人体解剖学 , 人体生理学 | |
| 电子资源: | ||
| ISBN: | 7-309-03360-4 | |
| 000 | 00867nam0 2200265 450 | |
| 001 | 1531936339 | |
| 005 | 20150131085300.37 | |
| 010 | @a7-309-03360-4@dCNY48.00 | |
| 100 | @a20021211d2002 em y0chiy0110 ea | |
| 101 | 0 | @achi |
| 102 | @aCN@b310000 | |
| 105 | @ay z 000yy | |
| 200 | 1 | @a人体解剖生理学@9ren ti jie pou sheng li xue@f朱大年, 郑黎明主编 |
| 210 | @a上海@c复旦大学出版社@d2002 | |
| 215 | @a10,505页@d26cm | |
| 300 | @a医学高等职业教育教材 | |
| 330 | @a本教材分为人体解剖学和生理学两部分,包括基本组织、运动系统、内脏学、神经系统、细胞的基本功能、血液、消化和吸收、内分泌等。 | |
| 606 | 0 | @a人体解剖学@x人体生理学@x高等教育@j教材 |
| 606 | 0 | @a人体解剖学 |
| 606 | 0 | @a人体生理学 |
| 690 | @aR324@v5 | |
| 701 | 0 | @a朱大年@9zhu da nian@4主编 |
| 701 | 0 | @a郑黎明@9zheng li ming@b主编 |
| 801 | 0 | @aCN@bTSSF@c20150131 |
| 905 | @aZUCC@dR324@eJY206 | |
| 人体解剖生理学/朱大年, 郑黎明主编.-上海:复旦大学出版社,2002 |
| 10,505页;26cm |
| 医学高等职业教育教材 |
| ISBN 7-309-03360-4:CNY48.00 |
| 本教材分为人体解剖学和生理学两部分,包括基本组织、运动系统、内脏学、神经系统、细胞的基本功能、血液、消化和吸收、内分泌等。 |
| ● |
| 相关链接 |
|
|
|
|
正题名:人体解剖生理学
索取号:R324/JY206
 
预约/预借
| 序号 | 登录号 | 条形码 | 馆藏地/架位号 | 状态 | 备注 |
| 1 | 7863411 | 278634113 | 学院路分馆/ [索取号:R324/JY206] | 在馆 | |
| 2 | 7863412 | 278634122 | 学院路分馆/ [索取号:R324/JY206] | 在馆 | |
| 3 | 7863413 | 278634131 | 学院路分馆/ [索取号:R324/JY206] | 在馆 | |
| 4 | 7863414 | 278634140 | 学院路分馆/ [索取号:R324/JY206] | 在馆 |